| 000 | 01102cam a2200301 i 4500 | ||
|---|---|---|---|
| 999 |
_c26045 _d26045 |
||
| 001 | 26045 | ||
| 003 | Mx-PuUPA | ||
| 005 | 20200918115918.0 | ||
| 008 | 140415s2004 mx a r 000 0 spa d | ||
| 020 | _a9706909583 | ||
| 040 |
_aMX-PuUPA _bspa _erda _cMx-PuUPA _dMx-PuUPA |
||
| 041 | 1 |
_aspa _heng |
|
| 100 | 1 |
_aBarnett, Alex, _d1972 _eautor _94661 |
|
| 245 | 1 | 0 |
_aAgujeros negros y otras curiosidades espaciales / _cpor Alex Barnett ; asesor, Stuart Clark ; traducción al español Luis E. Pérez Villanueva. |
| 250 | _aPrimera edición | ||
| 264 | 1 |
_aMéxico, D.F. : _bEditorial Planeta Mexicana, _c2004 |
|
| 300 |
_a96 páginas : _bilustraciones (principalmente color) ; _c20 cm. |
||
| 336 |
_atexto _2rdacontent _btxt |
||
| 337 |
_asin medio _2rdamedia _bn |
||
| 338 |
_avolumen _2rdacarrier _bnc |
||
| 490 | 0 | _aPlaneta junior | |
| 650 | 4 |
_aAstronomía _xLiteratura juvenil |
|
| 650 | 4 |
_aEspacio exterior _xLiteratura juvenil |
|
| 700 | 1 |
_aClark, Stuart, _eeditor |
|
| 700 | 1 |
_aPérez Villanueva, Luis E., _etraductor |
|
| 942 |
_2ddc _cLI _h520 _iB223 |
||